The flora of the Indian desert (Jodhpur and Jaisalmer) (Record no. 596322)

MARC details
000 -LEADER
fixed length control field 00457nam a2200145Ia 4500
008 - FIXED-LENGTH DATA ELEMENTS--GENERAL INFORMATION
fixed length control field 100415s9999 xx 000 0 und d
082 ## - DEWEY DECIMAL CLASSIFICATION NUMBER
Item number 13406
Classification number 581(544)
100 ## - MAIN ENTRY--PERSONAL NAME
Personal name Blatter E.
245 ## - TITLE STATEMENT
Title The flora of the Indian desert (Jodhpur and Jaisalmer)
260 ## - PUBLICATION, DISTRIBUTION, ETC. (IMPRINT)
Place of publication, distribution, etc BOMBAY
Date of publication, distribution, etc 1918
Name of publisher, distributor, etc BNHS
365 ## - TRADE PRICE
Price amount 0
630 ## - SUBJECT ADDED ENTRY--UNIFORM TITLE
Uniform title The flora of the Indian desert (Jodhpur and Jaisalmer)
730 ## - ADDED ENTRY--UNIFORM TITLE
Uniform title The flora of the Indian desert (Jodhpur and Jaisalmer)
942 ## - ADDED ENTRY ELEMENTS (KOHA)
Koha item type Book
Holdings
Withdrawn status Lost status Damaged status Not for loan Home library Current library Date acquired Cost, normal purchase price Total Checkouts Full call number Barcode Date last seen Price effective from Koha item type
        Bombay Natural History Society Bombay Natural History Society 10/10/1996 0.00   581(544) 13406 BNHS-13406 04/15/2010 04/15/2010 Book